Communes du Maine-et-Loire par images satellites - Statistiques

Statistiques générales
  • Ce quiz a été pris 19 fois
  • Le résultat moyen est 8 sur 16
Statistiques - réponses
Par images Hint Réponse % Correct
Ville de vin, de caves et connue pour son école de cavalerie Saumur
94%
La Cité Plantagenêt Angers
88%
Abrite un célèbre zoo Doué-en-Anjou
76%
Capitale du "mouchoir", connue pour son industrie textile Cholet
71%
Capitale de l'ardoise Segré-en-Anjou-Bleu
71%
Ville-Banlieue de la préfecture Avrillé
59%
Abrite un haras national Le Lion-d'Angers
59%
L'une des seules communes-îles de France Béhuard
53%
Porte stratégique entre Bretagne et Anjou Pouancé (Ombrée d'Anjou)
35%
Lieu d'une forteresse dominant le Loir Durtal
29%
Célèbre pour son immense abbaye Fontevraud-l'Abbaye
29%
Commune ayant le château le plus haut de France Brissac-Loire-Aubance
24%
Place forte sur la marche bretonne Candé
24%
Son château situé non loin du Poitou, a été plusieurs fois remanié Montreuil-Bellay
24%
Cité des Mauges construite sur la double méandre de l'Evre Montrevault-sur-Evre
18%
Voisine de son homologue tourangelle, Candes-St-Martin Montsoreau
18%
Aucun quiz correspondant
Distribution des résultats
% des personnes avec chaque résultat
Percentile par nombre de réponses
Votre historique - résultats
Vous n’avez pas pris ce quiz